| 000 | 00580 a2200241 4500 | ||
|---|---|---|---|
| 260 | _aParis | ||
| 630 | _a33 - Economie.économie politique | ||
| 650 | _a3 - SCIENCES SOCIALES | ||
| 100 | _aAlbertini, Jean-Marie | ||
| 700 | _aSilem, Ahmed | ||
| 260 | _bEd. Seuil | ||
| 245 | _aComprendre les théories économiques : Petit guide des grands courants | ||
| 300 | _a219p | ||
| 650 | _aEconomie : théorie | ||
| 260 | _c1983 | ||
| 300 | _b19 cm | ||
| 100 | _lFr | ||
| 037 | _aDe 7379 | ||
| 037 | _aDe 7380 | ||
| 020 | _a2-02-006569-X | ||
| 999 |
_c43899 _d43899 |
||